How to Become a Superhero Quiz Stats

Quiz Updated Oct 30, 2015

Challenge
Share
Tweet
Embed
Score 0/20 Timer 04:00
0 Plays Today
% Correct
Superman
92.2%
The Incredible Hulk
91.9%
Thor
91%
Spider-Man
90.4%
Ant-Man
89.5%
Wonder Woman
86.9%
Groot
86.3%
Iron Man
86.2%
Captain America
84.1%
Hawkeye
81.9%
% Correct
Green Lantern
80.5%
Robin
78.7%
Batgirl
78.3%
The Thing
75.3%
Cyclops
67.3%
Mr. Incredible
67.2%
Flash Gordon
66.6%
Elektra
60.6%
The Flash
57.5%
Firestorm
43.1%

You're not logged in!

Compare scores with friends on all Sporcle quizzes.
Sign Up with Email
OR
Log In

You Might Also Like...

Show Comments

Extras

Top Quizzes Today


Score Distribution

Your Account Isn't Verified!

In order to create a playlist on Sporcle, you need to verify the email address you used during registration. Go to your Sporcle Settings to finish the process.